Statistics for Financial Times Person of the Year

Click here to take the quiz!

General Stats

  • This quiz has been taken 18 times
    (3 since last reset)
  • The average score is 16 of 51

Answer Stats

YearHintCountryPerson of the Year% Correct
2008World LeaderUnited StatesBarack Obama
100%
1994CEOUnited StatesBill Gates
100%
2016World LeaderUnited StatesDonald Trump
100%
2021CEOUnited StatesElon Musk
100%
2013EconomistChinaJack Ma
100%
1976World LeaderUnited StatesJimmy Carter
100%
1987World LeaderUnited KingdomMargaret Thatcher
100%
2022World LeaderUkraineVolodymyr Zelenskyy
100%
1978World LeaderChinaDeng Xiaoping
67%
1992World LeaderChinaDeng Xiaoping
67%
2002World LeaderUnited StatesGeorge W. Bush
67%
1972DiplomatUnited StatesHenry Kissinger
67%
1989World LeaderSoviet UnionMikhail Gorbachev
67%
1985World LeaderSoviet UnionMikhail Gorbachev
67%
2014CEOUnited StatesTim Cook
67%
1997World LeaderUnited KingdomTony Blair
67%
1986World LeaderJapanYasuhiro Nakasone
67%
2015World LeaderGermanyAngela Merkel
33%
1977World LeaderEgyptAnwar Sadat
33%
1974World LeaderUnited KingdomHarold Wilson
33%
1970World LeaderBelgiumJean Rey
33%
2010CEOUnited StatesSteve Jobs
33%
1998EconomistUnited StatesAlan Greenspan
0%
2000ScientistUnited StatesCraig Venter
0%
1993World LeaderFranceEdouard Balladur
0%
2004PoliticianUnited StatesEliot Spitzer
0%
1973World LeaderSaudi ArabiaFaisal
0%
1981World LeaderFranceFrancois Mitterrand
0%
1988EconomistUnited StatesGeorge R. Roberts
0%
1982DiplomatUnited StatesGeorge Shultz
0%
2018EconomistUnited StatesGeorge Soros
0%
1990World LeaderGermanyHelmut Kohl
0%
1975World LeaderGermanyHelmut Schmidt
0%
1988EconomistUnited StatesHenry Kravis
0%
2001CEOUnited StatesHoward Lutnick
0%
1991DiplomatUnited StatesJames Baker
0%
2007EconomistFranceJean-Claude Trichet
0%
2003CEOUnited StatesJeffrey Immelt
0%
1983CEOUnited StatesJohn R. Opel
0%
1999ScientistUnited StatesJohn von Neumann
0%
2006CEOIndiaLakshmi Mittal
0%
2023CEODenmarkLars Fruergaard Jørgensen
0%
1980ActivistPolandLech Wałęsa
0%
2009CEOUnited StatesLloyd Blankfein
0%
2012EconomistItalyMario Draghi
0%
2011ActivistTunisiaMohamed Bouazizi
0%
1996CEOAustraliaRupert Murdoch
0%
2019CEOUnited StatesSatya Nadella
0%
2005BusinessmanUnited StatesSergey Brin/Larry Page
0%
2017Software EgineerUnited StatesSusan Fowler
0%
2020CEOGermanyUğur Şahin/Özlem Türeci
0%

Score Distribution

Percentile by Number Answered

Percent of People with Each Score

Your Score History

You have not taken this quiz since the last reset